000 00583cam a2200145 4500500
005 20260208010605.0
041 _afre
042 _adc
100 1 0 _aBarthas, Jérémie
_eauthor
245 0 0 _aDomenico Felice (éd.), Dispotismo. Genesi e sviluppi di un concetto filosofico-politico, Naples, 2002, 2 vol., 700 p., 70 E.
260 _c2006.
500 _a2
786 0 _nRevue philosophique de la France et de l'étranger | 131 | 1 | 2006-03-01 | p. 77y-138y | 0035-3833
856 4 1 _uhttps://shs.cairn.info/revue-philosophique-2006-1-page-77y?lang=fr&redirect-ssocas=7080
999 _c1657252
_d1657252